| 000 | 00774nam a2200229 a 4500 | ||
|---|---|---|---|
| 999 |
_c10263 _d10263 |
||
| 001 | 10263 | ||
| 003 | BD-JhCC | ||
| 005 | 20190620134008.0 | ||
| 008 | 180422s2002 bg |||| ||a| 000 f ben d | ||
| 020 | _a98484880116 | ||
| 035 | _a(BD-JhCC)10263 | ||
| 040 |
_aBD-JhCC _dBD-JhCC |
||
| 041 | _aben | ||
| 082 |
_a891.4415 _bIQB 2002 |
||
| 100 | _aইকবাল, আল্লামা মুহাম্মাদ | ||
| 245 |
_aশিকওয়া ও জওয়াবে শিকওয়া / _cআল্লামা মুহাম্মাদ ইকবাল |
||
| 260 |
_aঢাকা : _bআল্লামা ইকবাল সংসদ, _c2002. |
||
| 300 |
_a96 p. ; _c22 cm. |
||
| 650 | _aIslamic Poem | ||
| 942 |
_2ddc _cBK _02 |
||